000
00205 a2200097 4500
001
25522
100
_a
White, D H
245
_a
Elementary electronics
260
_a
_b
Harper rolo
_c
090
_c
17246
_d
17246
942
_a
NUST-CAE
_c
M
_c
8054
999
_c
260595
_d
260595